Statistics for 10 Most Populated Cities In A Country Beginning With 'M'

Click here to take the quiz!

General Stats

  • This quiz has been taken 14 times
  • The average score is 4 of 10

Answer Stats

PopAnswer% Correct
18.4 MillionMexico City
100%
4 MillionGuadalajara
85%
2.9 MillionCasablanca
62%
3.6 MillionMonterrey
62%
5.4 MillionKuala Lumpur
54%
4.2 MillionYangon
46%
1.5 MillionKoulikoro
0%
1.8 MillionPuebla De Zaragoza
0%
1.6 MillionSegou
0%
1.7 MillionSikasso
0%

Score Distribution

Percentile by Number Answered

Percent of People with Each Score

Your Score History

You have not taken this quiz